00181nam a2200073Ia 4500008004100000041000800041100001800049245004000067250605s9999 xx 000 0 und d aeng aTushar Sharma aIDBI Federal Life Insurance Co. Ltd